[Event "RUS-ch 70th"]
[Site "St Petersburg"]
[Date "2017.12.03"]
[Round "1"]
[White "Fedoseev, Vladimir1"]
[Black "Riazantsev, Alexander"]
[Result "1-0"]
[WhiteElo "2718"]
[BlackElo "2650"]
[PlyCount "113"]
[EventDate "2017.12.03"]
[EventType "tourn"]
[EventRounds "11"]
[EventCountry "RUS"]
[EventCategory "18"]
[SourceTitle "CBM 182"]
[Source "ChessBase"]
[SourceDate "2018.01.17"]
[SourceVersion "1"]
[SourceVersionDate "2018.01.17"]
[SourceQuality "1"]

1. d4 Nf6 2. c4 e6 3. g3 Bb4+ 4. Nd2 d5 5. Bg2 O-O 6. Ngf3 b6 7. O-O Bb7 8. a3
Be7 9. cxd5 exd5 10. b4 a5 11. b5 c6 12. bxc6 Nxc6 13. Bb2 a4 14. Ne5 Nxe5 15.
dxe5 Ne4 16. Nxe4 dxe4 17. Qc2 Qd5 18. Rfd1 Rfc8 19. Qb1 Qb3 20. Rd7 Bc6 21.
Rxe7 Kf8 22. Rxf7+ Kxf7 23. Bh3 Re8 24. Qc1 Bd5 25. Bd4 Kg8 26. Rb1 Qc4 27. Qe3
Be6 28. Bg2 Rad8 29. Rb4 Rxd4 30. Rxc4 Rd1+ 31. Bf1 Bxc4 32. Qxe4 b5 33. f4 Ra1
34. Qe3 Be6 35. Qc3 Rb1 36. Qc6 Re7 37. Kf2 b4 38. axb4 Rxb4 39. Bg2 Kf7 40.
Qd6 Rb5 41. Qa6 Rb4 42. Qa5 Rd4 43. Ke3 Rdd7 44. Qxa4 Ra7 45. Qb4 g6 46. Bc6
Ra6 47. Qd6 Rd7 48. Qc5 Rd8 49. Bb5 Rc8 50. Qb4 Ra7 51. Bd3 Rac7 52. Kf3 Bd5+
53. e4 Ba8 54. Qd6 Rc3 55. Kg4 Bc6 56. e6+ Ke8 57. Qd4 1-0

[Event "RUS-ch 70th"]
[Site "St Petersburg"]
[Date "2017.12.06"]
[Round "4"]
[White "Tomashevsky, Evgeny"]
[Black "Vitiugov, Nikita"]
[Result "1/2-1/2"]
[WhiteElo "2713"]
[BlackElo "2722"]
[PlyCount "35"]
[EventDate "2017.12.03"]
[EventType "tourn"]
[EventRounds "11"]
[EventCountry "RUS"]
[EventCategory "18"]
[SourceTitle "CBM 182"]
[Source "ChessBase"]
[SourceDate "2018.01.17"]
[SourceVersion "1"]
[SourceVersionDate "2018.01.17"]
[SourceQuality "1"]

1. e4 c5 2. Nf3 d6 3. Bb5+ Nd7 4. O-O Ngf6 5. Re1 a6 6. Bxd7+ Bxd7 7. e5 dxe5
8. Nxe5 Rc8 9. d3 e6 10. Nc3 Be7 11. Qf3 Bc6 12. Nxc6 Rxc6 13. Bf4 O-O 14. Be5
Nd7 15. Bf4 Nf6 16. Be5 Nd7 17. Bf4 Nf6 18. Be5 1/2-1/2